Online
Catalog

Producción artística y mercado / (Record no. 22929)

MARC details
000 -CABECERA
campo de control de longitud fija 00753nam a2200241 a 4500
001 - NÚMERO DE CONTROL
campo de control 000023432
005 - FECHA Y HORA DE LA ÚLTIMA TRANSACCIÓN
campo de control 20260212141610.0
008 - DATOS DE LONGITUD FIJA--INFORMACIÓN GENERAL
campo de control de longitud fija 101207s1976 sp r 000 0 spa d
020 ## - NÚMERO INTERNACIONAL ESTÁNDAR DEL LIBRO
Número Internacional Estándar del Libro 8425206197
040 ## - FUENTE DE LA CATALOGACIÓN
Centro catalogador/agencia de origen DO-SdBNP
Lengua de catalogación spa
Centro/agencia transcriptor BNPHU
082 ## - NÚMERO DE LA CLASIFICACIÓN DECIMAL DEWEY
Número de clasificación 702.9
Número de documento/Ítem P766p
049 ## - FONDOS LOCALES (OCLC)
Fondos de biblioteca BNGR
100 1# - ENTRADA PRINCIPAL--NOMBRE DE PERSONA
Nombre de persona Poli, Francesco,
Fechas asociadas al nombre 1940-
9 (RLIN) 48285
240 10 - TÍTULO UNIFORME
Título uniforme Produzione artistica e mercado.
Lenguaje de la obra Español.
245 10 - MENCIÓN DE TÍTULO
Título Producción artística y mercado /
Mención de responsabilidad, etc. Francesco Poli.
260 ## - PUBLICACIÓN, DISTRIBUCIÓN, ETC.
Lugar de publicación, distribución, etc. Barcelona, (España) :
Nombre del editor, distribuidor, etc. Gustavo Gili,
Fecha de publicación, distribución, etc. 1976.
300 ## - DESCRIPCIÓN FÍSICA
Extensión 141, [1] p. ;
Dimensiones 20 cm.
490 1# - MENCIÓN DE SERIE
Mención de serie Punto y línea
534 ## - NOTA SOBRE LA VERSIÓN ORIGINAL
Encabezamiento principal del original Título original:
Mención de título del original Produzione artistica e mercado.
650 #0 - PUNTO DE ACCESO ADICIONAL DE MATERIA--TÉRMINO DE MATERIA
Término de materia o nombre geográfico como elemento de entrada Artes
9 (RLIN) 650
650 #4 - PUNTO DE ACCESO ADICIONAL DE MATERIA--TÉRMINO DE MATERIA
Término de materia o nombre geográfico como elemento de entrada Mercadeo de pinturas
9 (RLIN) 48286
830 #0 - PUNTO DE ACCESO ADICIONAL DE SERIE-TÍTULO UNIFORME
Título uniforme Punto y línea
9 (RLIN) 48287
Holdings
Estado de retiro Estado de pérdida Restricciones de uso No para préstamo Código de colección Localización permanente Ubicación/localización actual Ubicación en estantería Fecha de adquisición Número de inventario Total de préstamos Signatura topográfica completa Código de barras Fecha visto por última vez Precio válido a partir de Tipo de ítem Koha
        Monografías: Libros y Folletos General General En catalogación 07.12.2010 LF1   702.9 P766p 23432-10 25.06.2020 25.06.2020 Préstamo en sala

Powered by Koha